Statistics for French Animals #4

Click here to take the quiz!

General Stats

  • This quiz has been taken 25 times
  • The average score is 11 of 23

Answer Stats

EnglishFrench% Correct
the zebrale zèbre
95%
the swanle cygne
84%
the turkeyla dinde
68%
the peacockle paon
68%
the parrotle perroquet /
la perruche
63%
the porcupinele porc-épic
58%
the raccoonle raton laveur
58%
the reindeerle renne
58%
the beetlele coléoptère /
le scarabée
53%
the cheetahle guépard
53%
the otterla loutre
47%
the waspla guêpe
42%
the badgerle blaireau
42%
the flamingole flamant
42%
the hedgehogle hérisson
42%
the cockroachle cafard
37%
the vulturele vautour
37%
the slugla limace
32%
the skunkla moufette
32%
the armadillole tatou
32%
the cranela grue
26%
the squidle calmar
21%
the walrusle morse
21%

Score Distribution

Percentile by Number Answered

Percent of People with Each Score

Your Score History

You have not taken this quiz